| 000 | 00909cam a22002771 4500 | ||
|---|---|---|---|
| 001 | 7468197 | ||
| 003 | PILC | ||
| 005 | 20150603084712.0 | ||
| 008 | 760319s1957 nyua b 000 0 eng | ||
| 010 | _a 57001339 | ||
| 035 | _a(OCoLC)2058827 | ||
| 040 |
_aDLC _cAzU _dDLC |
||
| 042 | _apremarc | ||
| 050 | 0 | 0 |
_aQC 863 _b.L524 1957 |
| 082 | _a551.5 | ||
| 100 | 1 | _aLehr, Paul E. | |
| 245 | 1 | 0 |
_aWeather: air masses, clouds, rainfall, storms, weather maps, climate, _cby Paul E. Lehr, R. Will Burnett and Herbert S. Zim. Illustrated by Harry McNaught. |
| 260 |
_aNew York : _bSimon and Schuster, _c1957. |
||
| 300 |
_a160 pages : _billustrations (chiefly color) ; _c16 cm. |
||
| 490 | 0 |
_aA Golden nature guide, _v507 |
|
| 500 | _aIncludes bibliographical references. | ||
| 650 | 0 | _aMeteorology. | |
| 650 | 0 | _aWeather. | |
| 906 |
_a7 _bcbc _coclcrpl _du _encip _f19 _gy-gencatlg |
||
| 942 |
_2lcc _cBK _kFOR |
||
| 999 |
_c284575 _d284575 |
||